000 00364nam a22001337a 4500
008 250210b |||||||| |||| 00| 0 eng d
020 _a0471454311
050 _aHD3616
_b.K34
100 _aKAHN, Alfred E.
245 _aThe Economics of Regulation: Principles and Instalation
260 _aU.S.A
_bJohn Wiley & Sons, Inc.
_c1971
300 _axi, 337p.
942 _cBK
999 _c1919
_d1919